Poesia Acústica #3 - Capricorniana pt2 - Statistics

Estatísticas Gerais
  • Esse quiz foi jogado 11 vezes
  • A pontuação média é 182 de 281
Estatísticas das Respostas
Resposta % Correto
a
88%
e
88%
é
88%
de
75%
do
75%
eu
75%
na
75%
o
75%
pra
75%
se
75%
água
63%
Ah
63%
ai
63%
ainda
63%
ama
63%
amamos
63%
amor
63%
antes
63%
ao
63%
arrumou
63%
as
63%
assim
63%
bate
63%
bebê
63%
beber
63%
bem
63%
boca
63%
bom
63%
brigamos
63%
brindando
63%
cama
63%
cantando
63%
cantar
63%
carinho
63%
chama
63%
chão
63%
chegaria
63%
chora
63%
com
63%
como
63%
corpo
63%
corro
63%
cuidar
63%
cuido
63%
da
63%
debaixo
63%
dia
63%
dispensaria
63%
dividindo
63%
dois
63%
drama
63%
edredom
63%
ela
63%
elas
63%
eles
63%
embora
63%
empurrasse
63%
era
63%
favor
63%
faz
63%
fiz
63%
gente
63%
hoje
63%
hotel
63%
impasse
63%
ir
63%
63%
juntin
63%
juntos
63%
lembro
63%
louco
63%
mais
63%
malas
63%
mama
63%
mas
63%
me
63%
melhor
63%
meu
63%
mil
63%
mim
63%
momento
63%
mostrar
63%
mundo
63%
música
63%
não
63%
nem
63%
no
63%
noção
63%
nós
63%
nossa
63%
novo
63%
num
63%
palavras
63%
parte
63%
passo
63%
pensasse
63%
por
63%
pornô
63%
porque
63%
pouco
63%
precipício
63%
preciso
63%
preta
63%
procurei
63%
quantas
63%
que
63%
quer
63%
romance
63%
sabe
63%
samba
63%
sei
63%
sentimento
63%
ser
63%
seria
63%
seu
63%
sinistro
63%
63%
sorrir
63%
sou
63%
também
63%
tão
63%
te
63%
tem
63%
tempo
63%
teria
63%
todo
63%
transando
63%
tu
63%
tudo
63%
um
63%
vai
63%
vamo
63%
vem
63%
ver
63%
verdade
63%
vezes
63%
você
63%
voltasse
63%
vou
63%
aonde
50%
começar
50%
começo
50%
deixa
50%
deliciasse
50%
doce
50%
escorpiana
50%
fogo
50%
fosse
50%
gosto
50%
harém
50%
imagina
50%
lindo
50%
muito
50%
nóis
50%
nosso
50%
precipitasse
50%
queimar
50%
sagitariano
50%
sentir
50%
sêsse
50%
sua
50%
toca
50%
trouxesse
50%
acordar
38%
Nenhum quiz correspondente encontrado
Distribuição das Pontuações
Porcentagem de Pessoas com Cada Pontuação
Percentil de Números Respondidos
Sua Pontuação Histórica
Você não jogou esse quiz